[Event "Tatry Open"]
[Site "Tatranske Zruby SVK"]
[Date "2011.10.01"]
[Round "8.5"]
[White "Ruckschloss,K"]
[Black "Jasny,S"]
[Result "0-1"]
[WhiteElo "2290"]
[BlackElo "2327"]

1.c4 e6 2.d4 Nf6 3.Nf3 Bb4+ 4.Bd2 c5 5.Bxb4 cxb4 6.Nbd2 O-O 7.e3 d6 8.Be2 Nc6
9.O-O e5 10.dxe5 dxe5 11.Ng5 Bf5 12.Bf3 Qe7 13.Nge4 Rad8 14.Nxf6+ Qxf6 15.Bd5 Bd3
16.Re1 b5 17.Qb3 bxc4 18.Bxc4 Qg6 19.Bxd3 Rxd3 20.Qc2 Rxe3 21.Qc5 Rxe1+ 22.Rxe1 h6
23.Nc4 e4 24.Nd6 Rd8 25.Qxc6 Rxd6 26.Qa8+ Kh7 27.Qxa7 Rd2 28.b3 f5 29.Qc5 f4
30.g3 e3 31.fxe3 Qe4  0-1

[Event "8th Highlands Open"]
[Site "Zdar nad Sazavou CZE"]
[Date "2011.10.01"]
[Round "9"]
[White "Zakharchenko,A"]
[Black "Parligras,C"]
[Result "1-0"]
[WhiteElo "2225"]
[BlackElo "2267"]

1.d4 Nf6 2.c4 e6 3.Nf3 Bb4+ 4.Bd2 Be7 5.Nc3 d5 6.cxd5 exd5 7.Bg5 O-O 8.e3 c6
9.Qc2 Na6 10.a3 h6 11.Bh4 Re8 12.Bd3 Ne4 13.Bxe7 Qxe7 14.O-O Nc7 15.Ne5 Nxc3
16.bxc3 c5 17.f4 Qd6 18.Rae1 c4 19.Bh7+ Kf8 20.f5 f6 21.Ng6+ Kf7 22.Nh4 Kf8
23.Qd1 Re4 24.Qh5 Ke7 25.Rf4 Rxf4 26.exf4+ Kd7 27.Qf7+ Kc6 28.Qxg7 Bd7 29.Bg6 Nb5
30.Re3 Qxf4 31.Qxf6+ Nd6 32.Re1 Qd2 33.Nf3 Qxc3 34.Qe7 Kc7 35.f6 Qxa3 36.f7 Nb5
37.Bf5 Qxe7 38.Rxe7 Nd6 39.Rxd7+  1-0

[Event "1st Qinhuangdao Open"]
[Site "Qinhuangdao CHN"]
[Date "2011.10.03"]
[Round "4"]
[White "Xu Jun"]
[Black "Zhou Jianchao"]
[Result "1/2-1/2"]
[WhiteElo "2500"]
[BlackElo "2628"]

1.d4 Nf6 2.c4 e6 3.Nf3 Bb4+ 4.Bd2 Qe7 5.g3 Nc6 6.Nc3 O-O 7.Bg2 Bxc3 8.Bxc3 Ne4
9.Rc1 Nxc3 10.Rxc3 d6 11.d5 Nd8 12.dxe6 Nxe6 13.Nd4 Qf6 14.Nxe6 fxe6 15.O-O Bd7
16.Qd2 Bc6 17.Bxc6 bxc6 18.Rf3 Qe5 19.Re3 Qf5 20.Qc3 c5 21.Qa5 Qf7 22.Rf3 Qd7
23.Rxf8+ Kxf8 24.Rd1 Qc6 25.Rd3 Rb8 26.Qd2 Kg8 27.b3 Rf8 28.Qe3 Rf6 29.Qd2 Rf8
30.Qe3 Rf6 31.Qd2 h6 32.Re3 a6 33.h4 Qa8  1/2-1/2

[Event "Nona Gaprindashvili Jubilee"]
[Site "Moscow RUS"]
[Date "2011.10.05"]
[Round "3"]
[White "Vilerte,T"]
[Black "Litynska,M"]
[Result "0-1"]
[WhiteElo "2155"]
[BlackElo "2326"]

1.Nf3 Nf6 2.d4 e6 3.c4 Bb4+ 4.Bd2 Qe7 5.Qc2 Bxd2+ 6.Nbxd2 d6 7.e3 Nbd7 8.Bd3 b6
9.O-O c5 10.a3 Bb7 11.b4 O-O 12.Qb2 e5 13.dxe5 dxe5 14.Bf5 e4 15.Ng5 h6 16.Bxd7 Nxd7
17.Nh3 g5 18.Qc3 Rad8 19.Rad1 Ne5 20.Nb3 Bc8 21.Rd5 Rxd5 22.cxd5 Bxh3 23.f4 Nd3
24.gxh3 cxb4 25.axb4 Nxb4 26.Qd4 Rd8 27.Nd2 Rxd5 28.Qxe4 Qxe4 29.Nxe4 Kg7
30.Kg2 a5 31.Kf3 f5 32.Ng3 Kg6 33.Ne2 Nc2 34.Rb1 b5 35.Nc3 Rd3 36.Nxb5 Rxe3+
37.Kf2 Rxh3 38.fxg5 hxg5 39.Kg2 g4 40.Ra1 Nxa1  0-1

[Event "20th TCh-CRO w"]
[Site "Sibenik CRO"]
[Date "2011.10.06"]
[Round "3.3"]
[White "Ivekovic,I"]
[Black "Jelica,M"]
[Result "0-1"]
[WhiteElo "1912"]
[BlackElo "2242"]

1.d4 Nf6 2.Nf3 e6 3.c4 Bb4+ 4.Bd2 Qe7 5.a3 Bxd2+ 6.Nbxd2 d6 7.e4 e5 8.d5 O-O
9.Be2 a5 10.b3 Na6 11.O-O Nc5 12.Qc2 Nh5 13.Rfe1 Nf4 14.Bf1 f5 15.b4 axb4
16.axb4 Rxa1 17.Rxa1 Nxe4 18.Nxe4 fxe4 19.Qxe4 Bg4 20.Ra3 Qf6 21.Qe3 Bxf3
22.Qxf3 Nh3+ 23.Kh1 Nxf2+ 24.Kg1 Nh3+ 25.Kh1 Qh4 26.Qe2 Nf2+ 27.Kg1 Qd4 28.Qe3 Qb2
29.Rb3 Qa1 30.Ra3 Nh3+  0-1

[Event "20th TCh-CRO 1a"]
[Site "Sibenik CRO"]
[Date "2011.10.06"]
[Round "3.1"]
[White "Kozul,Z"]
[Black "Loncar,R"]
[Result "1-0"]
[WhiteElo "2541"]
[BlackElo "2385"]

1.d4 Nf6 2.c4 e6 3.Nf3 Bb4+ 4.Bd2 Bxd2+ 5.Qxd2 b6 6.Nc3 Bb7 7.g3 Bxf3 8.exf3 O-O
9.d5 exd5 10.cxd5 c5 11.Bc4 Re8+ 12.Kf1 d6 13.Kg2 a6 14.a4 Ra7 15.Qd3 Qc8
16.Rhe1 Rae7 17.Ne4 Nxe4 18.Rxe4 Rxe4 19.fxe4 Re7 20.b3 Kh8 21.f4 Qe8 22.Re1 f6
23.h4 h6 24.Re3 a5 25.Qe2 Nd7 26.h5 Nf8 27.Kf2 Qb8 28.Qg4 Qe8 29.Bb5 Qd8
30.Qf5 Kg8 31.Kg2 Qc7 32.Kh2 Qb8 33.Bc4 Nd7 34.Kg1 Kh8 35.Kf2 Qd8 36.Ke2 Kg8
37.Kd2 Kh8 38.Kc3 Kg8 39.Bb5 Nf8 40.e5 fxe5 41.fxe5 Rf7 42.Qe4 dxe5 43.Qxe5 Rf6
44.Bd3 Qd7 45.Re4 Qh3 46.Re3 Qh1 47.Re1 Qf3 48.Rf1 Qg4 49.Rxf6 gxf6 50.Qxf6 Qxg3
51.Qxh6 Qe1+ 52.Kc2 Qf2+ 53.Qd2 Qf6 54.h6 Nd7 55.h7+ Kh8 56.Qg2 Qf7 57.d6 Nf8
58.Qg5 Qf2+ 59.Qd2 Qd4 60.Qc3 Nd7 61.Bf5 Ne5 62.Qxd4 cxd4 63.d7  1-0

[Event "TCh-POL Ekstraliga"]
[Site "Katowice POL"]
[Date "2011.10.07"]
[Round "7.1"]
[White "Moranda,W"]
[Black "Shkapenko,P"]
[Result "1/2-1/2"]
[WhiteElo "2577"]
[BlackElo "2419"]

1.d4 Nf6 2.c4 e6 3.Nf3 Bb4+ 4.Bd2 Qe7 5.g3 Nc6 6.Nc3 Bxc3 7.Bxc3 Ne4 8.Qc2 Nxc3
9.Qxc3 Qb4 10.Qxb4 Nxb4 11.Kd2 a5 12.e4 d6 13.a3 Nc6 14.Be2 a4 15.Ke3 e5
16.Rad1 Bg4 17.dxe5 Bxf3 18.Bxf3 Nxe5 19.Be2 Nd7 20.Rd5 f6 21.Rhd1 Nc5 22.f3 O-O
23.R1d2 Rfe8 24.Bd1 Re7 25.h4 g6 26.Kf2 Kg7 27.Bc2 h6 28.Rd1 Ra6 29.R1d2 Ra8
30.Rd1 Ra6 31.R1d2  1/2-1/2

[Event "ch-UKR w 2011"]
[Site "Poltava UKR"]
[Date "2011.10.08"]
[Round "2.1"]
[White "Tsirulnik,Mari"]
[Black "Gritsayeva,O"]
[Result "0-1"]
[WhiteElo "2168"]
[BlackElo "2320"]

1.d4 Nf6 2.Nf3 e6 3.c4 Bb4+ 4.Bd2 c5 5.Bxb4 cxb4 6.g3 b6 7.Bg2 Bb7 8.O-O a5
9.Nbd2 d6 10.Qc2 Qe7 11.e4 e5 12.Rfe1 Nc6 13.a3 bxa3 14.bxa3 O-O 15.Rab1 Nd7
16.c5 dxc5 17.dxc5 Rac8 18.cxb6 Qxa3 19.Nc4 Qe7 20.Qa4 Nc5 21.Qa1 Nd3 22.Red1 Rfd8
23.Qa3 Qxa3 24.Nxa3 Ncb4 25.Nd2 Ba6 26.Bf1 Rd6 27.Nb3 Rxb6 28.Nxa5 Rf6 29.Rd2 g5
30.Rbd1 Rc5 31.N5c4 Bxc4 32.Nxc4 Rxc4 33.Bxd3 Nxd3 34.Rxd3 Rxe4 35.Kg2 Re2
36.Rf3 Kg7 37.Rxf6 Kxf6 38.Rd3 e4 39.Rd6+ Kg7 40.Kf1 Rb2 41.h3 f6 42.Re6 Rb4
43.Ke2 Kg6 44.Ra6 h5 45.Ra2 h4 46.gxh4 gxh4 47.f3 Kf5 48.fxe4+ Kxe4 49.Kf2 Rd4
50.Rb2 Kf4 51.Ra2 f5 52.Rb2 Ra4 53.Rc2 Ra3 54.Rc4+ Kg5 55.Kg2 Ra2+ 56.Kg1 f4
57.Rc5+ Kg6 58.Rb5 Re2 59.Rb6+ Kf5 60.Rb5+ Ke4 61.Rh5 Ke3 62.Rh8 Re1+ 63.Kh2 f3
64.Re8+ Kf2 65.Rg8 Re4 66.Rb8 Kf1 67.Rf8 Ke2 68.Rb8 Re6 69.Rb2+ Ke3 70.Rb3+ Kf4
71.Rb4+ Re4 72.Rb7 Re2+ 73.Kh1 Kg3  0-1

[Event "TCh-MNE 1st League"]
[Site "Tivat MNE"]
[Date "2011.10.08"]
[Round "1.2"]
[White "Maric,B"]
[Black "Drasko,M"]
[Result "1/2-1/2"]
[WhiteElo "2257"]
[BlackElo "2478"]

1.d4 e6 2.Nf3 Nf6 3.c4 Bb4+ 4.Bd2 a5 5.g3 d6 6.Bg2 Nbd7 7.O-O e5 8.Nc3 O-O
9.Qc2 Qe7 10.e4 Nb6 11.b3 Bg4 12.a3 Bxc3 13.Bxc3 Bxf3 14.Bxf3 a4 15.Rfc1 Nfd7
16.dxe5 dxe5 17.Bb4 c5 18.Bd2 Nb8 19.b4 Nc6 20.Be3 Nd7 21.b5 Nd4 22.Bxd4 exd4
23.Bg2 Ne5 24.f4 Ng4 25.Qd3 Ne3 26.Ra2 Rae8 27.Re2 g5 28.e5 gxf4 29.gxf4 Kh8
30.Rxe3 dxe3 31.Bd5 Rg8+  1/2-1/2

[Event "World Amateur Chess Championship"]
[Site "Antalya TUR"]
[Date "2011.10.09"]
[Round "8"]
[White "Anu,B"]
[Black "Moudallal,T"]
[Result "1-0"]
[WhiteElo "1940"]
[BlackElo "1862"]

1.d4 Nf6 2.c4 e6 3.Nf3 Bb4+ 4.Bd2 Qe7 5.g3 O-O 6.Bg2 Nc6 7.O-O Ne4 8.Be3 b6
9.a3 Bd6 10.b4 Qe8 11.b5 Na5 12.Ng5 f5 13.Nxe4 fxe4 14.Bxe4 Bb7 15.Bxb7 Nxb7
16.Nd2 Qh5 17.Ne4 Be7 18.f3 d5 19.cxd5 exd5 20.Nf2 Nd6 21.Qd3 g5 22.Kg2 Nc4
23.Ng4 Bd6 24.Bf2 Rae8 25.Rfe1 Kh8 26.Ra2 Re6 27.e4 Qe8 28.e5 Be7 29.a4 h5
30.Ne3 Nxe3+ 31.Rxe3 Qf7 32.Rc2 Bd8 33.Be1 g4 34.Bb4 Rg8 35.f4 h4 36.Kg1 Rh6
37.Ree2 Qh5 38.Be1 hxg3 39.hxg3 Qh1+ 40.Kf2 Rh2+ 41.Ke3 Rh3 42.Kd2 Be7 43.Kc1 Bb4
44.Qe3 Rf8 45.Kb2 Bxe1 46.Rxe1 Qf3 47.Rf2 Qxg3 48.Qxg3 Rxg3 49.f5 Rd3 50.e6 g3
51.Rf4 g2 52.e7 Re8 53.f6 Rd2+ 54.Kc3  1-0

[Event "TCh-ISL Div1 2011-12"]
[Site "Reykjavik ISL"]
[Date "2011.10.09"]
[Round "4.3"]
[White "Thorsteinsson,T"]
[Black "Thorfinnsson,Br"]
[Result "1/2-1/2"]
[WhiteElo "2237"]
[BlackElo "2427"]

1.d4 Nf6 2.c4 e6 3.Nf3 Bb4+ 4.Bd2 c5 5.Bxb4 cxb4 6.g3 O-O 7.Bg2 d6 8.O-O Nc6
9.a3 bxa3 10.Rxa3 e5 11.Nc3 Bg4 12.d5 Bxf3 13.Bxf3 Nd4 14.Nb5 Nxb5 15.cxb5 Qb6
16.Qd3 e4 17.Bxe4 Nxe4 18.Qxe4 Qxb5 19.Qd3 Qxd3 20.Rxd3 Rfc8 21.Ra1 Rc5 22.Rb3 Rxd5
23.Rxb7 a5 24.b4 Kf8 25.bxa5 Rdxa5 26.Rxa5  1/2-1/2

[Event "TCh-MNE 1st League"]
[Site "Tivat MNE"]
[Date "2011.10.09"]
[Round "2.1"]
[White "Damljanovic,B"]
[Black "Arsovic,Z"]
[Result "1-0"]
[WhiteElo "2607"]
[BlackElo "2444"]

1.d4 Nf6 2.c4 e6 3.Nf3 Bb4+ 4.Bd2 Qe7 5.g3 Nc6 6.Nc3 O-O 7.Bg2 Bxc3 8.Bxc3 Ne4
9.Rc1 d6 10.d5 Nb8 11.dxe6 fxe6 12.O-O Nxc3 13.Rxc3 Nd7 14.Nd4 Nf6 15.h3 e5
16.Nc2 c6 17.e4 Be6 18.Ne3 Rad8 19.Rd3 a6 20.Qd2 Rd7 21.Rd1 Rfd8 22.b3 h6
23.Qe1 Kh8 24.Qa5 Bg8 25.c5 d5 26.exd5 Bxd5 27.Nf5 Qe6 28.Nd6 Bxg2 29.Kxg2 Ne4
30.Qb4 Ng5 31.Qg4 Kg8 32.Re3 Qxg4 33.hxg4 e4 34.Rde1 b6 35.Nxe4 Nxe4 36.Rxe4 bxc5
37.Ra4 Rd2 38.Re3 c4 39.bxc4 R8d4 40.Rxa6 Rxc4 41.a3 Rxg4 42.Rxc6 Ra2 43.Ra6 Kh7
44.Ra7 Rg5 45.Rf3 h5 46.Rf4 Rg4 47.Rf5 Kg6 48.Rff7 Rxa3 49.Rxg7+ Kh6 50.Rh7+ Kg6
51.Rag7+ Kf6 52.Rb7 Kg6 53.Rh8 Ra5 54.Rbh7 Rgg5 55.Rh6+ Kg7 56.R8h7+ Kg8
57.Kh3 Rgf5 58.f4 Ra3 59.Kh4 Ra4 60.Rxh5  1-0

[Event "TCh-BEL 2011-12"]
[Site "Belgium BEL"]
[Date "2011.10.10"]
[Round "1.6"]
[White "Goormachtigh,J"]
[Black "Noiroux,K"]
[Result "1/2-1/2"]
[WhiteElo "2212"]
[BlackElo "2211"]

1.d4 Nf6 2.c4 e6 3.Nf3 Bb4+ 4.Bd2 Qe7 5.g3 Nc6 6.Nc3 Bxc3 7.Bxc3 Ne4 8.Rc1 O-O
9.Bg2 d6 10.d5 Nxc3 11.Rxc3 Nb8 12.dxe6 fxe6 13.Nd4 c6 14.O-O Nd7 15.e4 g6
16.Nb3 e5 17.Rd3 Rf6 18.Qd2 Nc5 19.Nxc5 dxc5 20.Rd8+ Rf8 21.Rxf8+ Qxf8 22.f4 Be6
23.Qc3 Qd6 24.fxe5 Qd4+ 25.Qxd4 cxd4 26.b3 c5 27.Rf6  1/2-1/2

[Event "20th TCh-CRO 1a"]
[Site "Sibenik CRO"]
[Date "2011.10.12"]
[Round "9.2"]
[White "Novak,Rat"]
[Black "Kurajica,B"]
[Result "0-1"]
[WhiteElo "2162"]
[BlackElo "2524"]

1.d4 Nf6 2.Nf3 e6 3.c4 Bb4+ 4.Bd2 a5 5.a3 Be7 6.Nc3 d5 7.e3 O-O 8.Qc2 c5
9.dxc5 Bxc5 10.Rd1 Qe7 11.Bd3 Nc6 12.O-O b6 13.e4 dxc4 14.Bxc4 Bb7 15.Bg5 h6
16.Bh4 g5 17.Bg3 Nh5 18.Na4 Nxg3 19.hxg3 g4 20.Nh2 Ne5 21.Be2 h5 22.Nxc5 Qxc5
23.Qd2 Ng6 24.Qh6 Qe5 25.Bxg4 hxg4 26.Nxg4 Qg7 27.Qh5 Rfd8 28.e5 Kf8 29.Nf6 Nf4
30.Nh7+ Kg8 31.Nf6+ Qxf6 32.gxf4 Qxf4 33.Rde1 Kg7 34.Qh2 Qxh2+ 35.Kxh2 Rd2
36.b3 Rh8+ 37.Kg3 Rd3+ 38.f3 Rxb3 39.Rb1 a4 40.Rbc1 Rc8 41.Rcd1 Bd5  0-1

[Event "Lichtenrader Autumn"]
[Site "Berlin GER"]
[Date "2011.10.13"]
[Round "6.11"]
[White "Heuer,T"]
[Black "Moeller,H"]
[Result "1/2-1/2"]
[WhiteElo "2129"]
[BlackElo "2222"]

1.d4 Nf6 2.Nf3 e6 3.c4 Bb4+ 4.Bd2 Qe7 5.g3 Nc6 6.Nc3 Bxc3 7.Bxc3 Ne4 8.Rc1 d6
9.d5 Nxc3 10.Rxc3 Nd8 11.dxe6 fxe6 12.Bg2 O-O 13.O-O Kh8 14.Nd4 Rb8 15.b4 a6
16.Nc2 Bd7 17.a3 Ba4 18.Qd2 Nc6 19.Nd4 Nd8 20.Be4 Nf7 21.Nf3 Qf6 22.Qd3 g6
23.Qd4 Qxd4 24.Nxd4 Bd7 25.Bg2 Kg7 26.c5 e5 27.Nc2 Bb5 28.Re1 Ng5 29.cxd6 cxd6
30.Ne3 Ne6 31.Bd5 Nd4 32.Rc7+ Kh8 33.Bc4 Rbc8 34.Rxc8 Rxc8 35.Bxb5 axb5 36.Kf1 Rc3
37.Ra1 Nb3 38.Rd1 Nd4 39.Ra1 Kg7 40.Nd5 Rc2 41.e3 Nb3 42.Rd1 Nd2+ 43.Kg1 Ne4
44.Rf1 Kf7 45.f3 Nc3 46.e4 Nxd5 47.exd5 Rc3 48.f4 e4 49.Re1 e3 50.Kg2 Rxa3
51.Kf3 Rd3 52.Rxe3 Rxd5 53.Rc3 Rd4 54.Rc7+ Ke6 55.Rxb7 Rxb4 56.Rxh7 Rb1 57.Rh6 b4
58.Rxg6+ Kd5 59.Ke3 Rh1 60.Kd3 Rxh2 61.Rg5+ Kc6 62.Kc4 Rb2 63.Rg6 Rb1 64.f5 b3
65.Kc3 Kc5 66.f6 d5 67.Rg5 Rf1 68.Kxb3 Rxf6 69.Rg4 Rf3+ 70.Kc2 d4 71.Rg8  1/2-1/2

[Event "TCh-MNE 1st League"]
[Site "Tivat MNE"]
[Date "2011.10.13"]
[Round "6.3"]
[White "Arsovic,G"]
[Black "Stojanovic,Mih"]
[Result "1/2-1/2"]
[WhiteElo "2409"]
[BlackElo "2581"]

1.d4 Nf6 2.Nf3 e6 3.c4 Bb4+ 4.Bd2 Qe7 5.g3 Nc6 6.Nc3 Bxc3 7.Bxc3 Ne4 8.Qc2 Nxc3
9.Qxc3 Qb4 10.Rc1 Qxc3+ 11.Rxc3 d6  1/2-1/2

[Event "49th ch-IND NatA"]
[Site "Aurangabad IND"]
[Date "2011.10.14"]
[Round "6"]
[White "Girish,A"]
[Black "Udeshi,A"]
[Result "1-0"]
[WhiteElo "2379"]
[BlackElo "2379"]

1.d4 Nf6 2.Nf3 e6 3.c4 Bb4+ 4.Bd2 Qe7 5.g3 Nc6 6.Nc3 Bxc3 7.Bxc3 Ne4 8.Qc2 Nxc3
9.Qxc3 Qb4 10.Qxb4 Nxb4 11.Kd2 b6 12.Bg2 Bb7 13.Kc3 Na6 14.Rhd1 c5 15.Ne1 cxd4+
16.Rxd4 Bxg2 17.Nxg2 Rc8 18.e4 Nc5 19.f3 b5 20.b4 Nb7 21.Ne3 Ke7 22.Rad1 Rc7
23.Kb3 a6 24.R4d2 bxc4+ 25.Nxc4 Rb8 26.Nd6 Nxd6 27.Rxd6 a5 28.a3 axb4 29.axb4 Rcb7
30.R6d4 Ra8 31.f4 Ra6 32.R1d2 d6 33.Ra2 Rab6 34.Ra8 h5 35.Ra5 g6 36.Rc4 Kd7
37.Ka4 Ke7 38.b5 Kd7 39.Rb4 d5 40.exd5 exd5 41.Ra6 Kd6 42.Ka5 Kc5 43.Rxb6 Rxb6
44.Rb1 Rb8 45.Rc1+ Kd4 46.b6 Ke3 47.Ka6 h4 48.Ka7 Rd8 49.b7 h3 50.Rc7 f5
51.Rc6 d4 52.Rxg6 d3 53.b8=Q Rxb8 54.Kxb8 d2 55.Rd6 Ke2 56.Kc7 d1=Q 57.Rxd1 Kxd1
58.Kd6 Ke2 59.Ke5 Kf3 60.Kxf5 Kg2 61.g4 Kxh2 62.g5 Kg3 63.g6 h2 64.g7 h1=Q
65.g8=Q+ Kf2 66.Qa2+ Ke3 67.Qb3+ Kd4 68.Qb2+ Kd3 69.Kg5 Qg1+ 70.Kf6 Qg8 71.Qe5 Qf8+
72.Kg5 Qg8+ 73.Kh4 Qh7+ 74.Kg4 Qh2 75.Qd5+ Ke3 76.Qf3+ Kd4 77.Kg5 Qh7 78.Qc6 Qg8+
79.Qg6 Qd5+ 80.f5 Qg2+ 81.Kh6 Qh2+ 82.Kg7 Qc7+ 83.Kg8 Qd8+ 84.Kh7 Qh4+ 85.Qh6 Qe4
86.Qd6+ Kc3 87.Qe6 Qh4+ 88.Kg6 Qg4+ 89.Kf7 Qh5+ 90.Qg6 Qf3 91.f6 Qd5+ 92.Kf8 Qd6+
93.Kg8 Qe6+ 94.Kh7 Kb2 95.f7 Qh3+ 96.Kg8 Qb3 97.Kg7 Qb7 98.Kh8 Qb8+ 99.Kh7 Ka3
100.Qd3+ Ka4 101.Qe4+ Ka3 102.Qf3+ Ka4 103.f8=Q Qh2+ 104.Kg8 Qg1+ 105.Qg7 Qc5
106.Qa1+ Kb5 107.Qb7+  1-0

[Event "ch-UKR w 2011"]
[Site "Poltava UKR"]
[Date "2011.10.14"]
[Round "8.5"]
[White "Huda,Mary"]
[Black "Kalinina,O"]
[Result "1/2-1/2"]
[WhiteElo "2196"]
[BlackElo "2288"]

1.d4 e6 2.c4 Nf6 3.Nf3 Bb4+ 4.Bd2 Qe7 5.g3 Bxd2+ 6.Qxd2 d6 7.Nc3 O-O 8.Bg2 e5
9.O-O Bg4 10.h3 Bxf3 11.Bxf3 exd4 12.Qxd4 Nc6 13.Bxc6 bxc6 14.e4 Nd7 15.Kg2 a5
16.Rfe1 a4 17.Rad1 f6 18.Ne2 Rfb8 19.Nf4 Qe5 20.Re2 Rb4 21.a3 Rb3 22.Rc2 Qxd4
23.Rxd4 Rab8 24.Rdd2 Nc5 25.f3 g5 26.Ne2 Nd3 27.Kf1 Rxb2 28.Rxb2 Nxb2 29.Rc2 Nd3
30.Nd4 c5 31.Nb5 c6 32.Nxd6 Rb3 33.Ke2 Rxa3 34.Nf5 Rb3 35.Ne7+ Kf7 36.Nxc6 a3
37.Na5 Rb2 38.Kxd3 a2 39.Rxb2 a1=Q 40.Rb5 Qd1+ 41.Ke3 Qe1+ 42.Kd3 Qf2 43.Nb7 Qd4+
44.Kc2 Qxc4+ 45.Kd2 Qd4+ 46.Ke2 c4 47.Nc5 c3 48.Nd3 Qd7 49.Rxg5 Qxh3 50.Rc5 Qxg3
51.Rxc3 h5 52.Nf2 Qe5 53.Rd3 Qb5 54.Ke3 h4 55.Rd1 Qc5+ 56.Ke2 Qc4+ 57.Ke3 Qc3+
58.Ke2 Qc2+ 59.Ke3 Qc5+ 60.Ke2 Qb5+ 61.Ke3 Qg5+ 62.Ke2 Ke6 63.Rd5 Qg6 64.Rf5 Qe8
65.Ng4 h3 66.Rxf6+ Ke7 67.Rh6 Qb5+ 68.Ke3 Qg5+ 69.Kf2 Qd2+ 70.Kg3 Qg2+ 71.Kf4 Kf8
72.e5 Qd2+ 73.Kg3 Qg2+ 74.Kf4 Qd2+ 75.Kg3 Qg2+ 76.Kf4 Kg7 77.Rh5 Qd2+ 78.Kg3 Qg2+
79.Kf4 Qd2+ 80.Kg3 Qg2+  1/2-1/2

[Event "Governor's Cup"]
[Site "Saratov RUS"]
[Date "2011.10.15"]
[Round "7"]
[White "Moiseenko,A1"]
[Black "Andreikin,D"]
[Result "1/2-1/2"]
[WhiteElo "2726"]
[BlackElo "2705"]

1.d4 Nf6 2.c4 e6 3.Nf3 Bb4+ 4.Bd2 Bxd2+ 5.Qxd2 O-O 6.g3 d6 7.Nc3 Nbd7 8.Bg2 e5
9.O-O c6 10.Nh4 Re8 11.e4 Nf8 12.Rad1 Bg4 13.f3 Be6 14.b3 Ng6 15.Nxg6 hxg6
16.Kh1 exd4 17.Qxd4 Qa5 18.Rd3 Rad8 19.Rfd1 Rd7 20.Qf2 d5 21.cxd5 cxd5 22.exd5 Nxd5
23.Ne4 b6 24.h4 Red8 25.Ng5 Bf5 26.Rd4 f6 27.Nh3 Qc3 28.Rc4 Qe3 29.Re1 Qxf2
30.Nxf2 Kf7 31.Bf1 Ne7  1/2-1/2

[Event "1st Central Asia Cup"]
[Site "Tashkent UZB"]
[Date "2011.10.18"]
[Round "1.2"]
[White "Khoroshev,N"]
[Black "Filippov,An UZB"]
[Result "0-1"]
[WhiteElo "2263"]
[BlackElo "2606"]

1.d4 Nf6 2.c4 e6 3.Nf3 Bb4+ 4.Bd2 a5 5.g3 d6 6.Bg2 Nbd7 7.O-O e5 8.Bg5 exd4
9.Nxd4 O-O 10.a3 Bc5 11.Nc3 h6 12.Bf4 Re8 13.Nc2 a4 14.Nb4 Nb6 15.Qd3 c6
16.Rac1 Be6 17.Nd1 Ng4 18.Bxd6 Bxd6 19.c5 Bc7 20.cxb6 Bxb6 21.Nc3 Qg5 22.e3 Ne5
23.Qb1 Qh5 24.Nd3 Nf3+ 25.Bxf3 Qxf3 26.Ne1 Qh5 27.Ng2 Bb3 28.Nf4 Qf3 29.Qd3 Rxe3
30.Qd7 Rd8  0-1

[Event "29th Muensterland Open"]
[Site "Senden GER"]
[Date "2011.10.22"]
[Round "2.6"]
[White "Schulze,U"]
[Black "Mueller,Mart1"]
[Result "1-0"]
[WhiteElo "2323"]
[BlackElo "2078"]

1.d4 Nf6 2.Nf3 e6 3.c4 Bb4+ 4.Bd2 Qe7 5.g3 Nc6 6.Nc3 Bxc3 7.Bxc3 Ne4 8.Rc1 O-O
9.Bg2 d6 10.d5 Nxc3 11.Rxc3 Nb8 12.dxe6 fxe6 13.O-O Nd7 14.Nd4 Nf6 15.c5 d5
16.c6 bxc6 17.Nxc6 Qd6 18.Qd4 Bd7 19.Rfc1 Ne8 20.e4 dxe4 21.Qxe4 Nf6 22.Qc4 Bxc6
23.Qxc6 Rab8 24.b3 Ng4 25.h3 Ne5 26.Qxc7 Qd4 27.Re3 Rb5 28.Qc3  1-0

[Event "TCh-AUT 2 Mitte 2011-12"]
[Site "St Valentin AUT"]
[Date "2011.10.22"]
[Round "2"]
[White "Schenk,An"]
[Black "Haba,P"]
[Result "1/2-1/2"]
[WhiteElo "2499"]
[BlackElo "2502"]

1.d4 Nf6 2.c4 e6 3.Nf3 Bb4+ 4.Bd2 a5 5.g3 d6 6.Bg2 Nbd7 7.O-O e5 8.Bxb4 axb4
9.Qb3 c5 10.dxe5 dxe5 11.a3 O-O 12.Nbd2 bxa3 13.Rxa3 Rxa3 14.Qxa3 Qc7 15.Ng5 Nb6
16.Rc1 Bg4 17.Nge4 Nxe4 18.Nxe4 Bxe2 19.Qxc5 Qxc5 20.Nxc5 Bxc4 21.Nxb7 Rb8
22.Nc5 h6 23.b3 Rc8 24.b4 Rd8 25.Bc6 Rd2 26.Nd7 Nxd7 27.Rxc4 Nb6 28.Rc5 Rd6
29.Be4 f6 30.b5 g5 31.Bf5 Kf8 32.Kg2 Ke7 33.Rc7+ Kf8 34.Kf3 Nd5 35.Rb7 Ne7
36.Bd7 Rd3+ 37.Ke2 Rb3 38.Be6 Rb2+ 39.Ke3 f5 40.g4 f4+ 41.Ke4  1/2-1/2

[Event "33rd Arco Open"]
[Site "Arco ITA"]
[Date "2011.10.23"]
[Round "2"]
[White "Lupini,S"]
[Black "Zucchelli,M"]
[Result "0-1"]
[WhiteElo "1921"]
[BlackElo "2149"]

1.d4 e6 2.c4 Nf6 3.Nf3 Bb4+ 4.Bd2 Qe7 5.Nc3 Nc6 6.g3 d6 7.Bg2 Bxc3 8.Bxc3 Ne4
9.Rc1 Nxc3 10.Rxc3 O-O 11.O-O e5 12.d5 Nb8 13.b4 Nd7 14.Nd2 f5 15.Nb3 f4
16.c5 Nf6 17.cxd6 cxd6 18.Qc1 fxg3 19.fxg3 Bd7 20.Qd2 Rac8 21.Rfc1 Rxc3 22.Rxc3 Rc8
23.Na5 Qd8 24.a3 Qb6+ 25.e3 Rxc3 26.Qxc3 Ng4 27.Nc4 Qc7 28.h3 Nf6 29.Qb3 Bb5
30.Nb2 Qc1+ 31.Kh2 h5 32.a4 Bf1 33.Bxf1 Qxf1 34.Qc2 Qf3 35.Qc8+ Kh7 36.Qc2+  0-1

[Event "World Youth U16 Ol"]
[Site "Kocaeli TUR"]
[Date "2011.10.24"]
[Round "1.11"]
[White "Grandadam,P"]
[Black "Ahmed,Fareed"]
[Result "1-0"]
[WhiteElo "2160"]
[BlackElo "1711"]

1.Nf3 Nf6 2.c4 e6 3.d4 Bb4+ 4.Bd2 c5 5.Bxb4 cxb4 6.g3 d5 7.Qa4+ Nc6 8.Ne5 Bd7
9.Nxd7 Qxd7 10.e3 O-O 11.a3 dxc4 12.Bxc4 a6 13.Be2 Rfc8 14.Qd1 Rc7 15.O-O Rac8
16.axb4 Nxb4 17.Nc3 Nbd5 18.Na4 Qe7 19.Nc5 Nd7 20.Nxb7 Rxb7 21.Bxa6 Rcb8
22.Bxb7 Rxb7 23.Ra8+ Nf8 24.Qc2 Nc7 25.Ra4 Nd5 26.Rc1 f5 27.Ra8 Rc7 28.Qd1 Rxc1
29.Qxc1 Qc7 30.Qc5 Qf7 31.b4 f4 32.exf4 Qf5 33.h4 Qb1+ 34.Kh2 Qf5 35.b5 Qf7
36.b6 Nxf4 37.Rxf8+  1-0

[Event "6th Kavalier Open"]
[Site "Vienna AUT"]
[Date "2011.10.24"]
[Round "1"]
[White "Paseka,C"]
[Black "Weinzettl,E"]
[Result "0-1"]
[WhiteElo "1752"]
[BlackElo "2299"]

1.d4 Nf6 2.c4 e6 3.Nf3 Bb4+ 4.Bd2 Qe7 5.a3 Bxd2+ 6.Nbxd2 d6 7.g3 e5 8.dxe5 dxe5
9.e4 O-O 10.Bg2 a5 11.b3 Na6 12.O-O Bg4 13.h3 Bxf3 14.Bxf3 Rfd8 15.Qc2 Qd7
16.Rad1 Qxh3 17.Bg2 Qe6 18.Nf3 Nc5 19.Rxd8+ Rxd8 20.Qc3 Nfxe4 21.Qxa5 b6
22.Qb5 Nc3 23.Qb4 N5e4 24.Re1 c5 25.Ng5 cxb4 26.Nxe6 fxe6 27.Bxe4 bxa3 28.Ra1 a2
29.b4 Rd1+  0-1

[Event "1st Central Asia Cup"]
[Site "Tashkent UZB"]
[Date "2011.10.25"]
[Round "8.10"]
[White "Kurbonboeva,Sarvinoz"]
[Black "Tillyaev,U"]
[Result "1/2-1/2"]
[WhiteElo "2131"]
[BlackElo "2272"]

1.d4 Nf6 2.c4 e6 3.Nf3 Bb4+ 4.Bd2 Qe7 5.e3 Bxd2+ 6.Qxd2 O-O 7.Nc3 d6 8.Be2 a5
9.O-O e5 10.dxe5 dxe5 11.Rad1 Nbd7 12.e4 Re8 13.Qc2 c6 14.Rd2 Nc5 15.h3 Nh5
16.Rfd1 Nf4 17.Na4 Nxa4 18.Qxa4 Qf6 19.Bf1 Be6 20.Qb3 Qg6 21.Kh2 Qxe4 22.Qxb7 Ng6
23.Qc7 Bxc4 24.Bxc4 Qxc4 25.Rd8 h6 26.Rxe8+ Rxe8 27.Qxa5 Qf4+ 28.Kg1 e4 29.Nd4 e3
30.fxe3 Qxe3+ 31.Kh1 Nf4 32.Qc3 Qf2 33.Qf3 Qxf3 34.Nxf3 Kf8 35.Kg1 Re4 36.Kf1 c5
37.Rd2 Ke7 38.b3 Ke6 39.Kf2 g5 40.Ng1 c4 41.bxc4 Rxc4 42.Ne2 Nd5 43.Nd4+ Ke5
44.Nf3+ Kd6 45.Rd4 Rc1 46.h4 f6 47.hxg5 hxg5 48.Rd2 Rc5 49.Nd4 Rc4 50.Nf5+ Ke6
51.Ne3 Rf4+ 52.Ke2 Nc3+ 53.Kd3 Na4 54.Rc2 f5 55.a3 g4 56.Rc6+ Ke5 57.Rc1 g3
58.Nc4+ Kf6 59.Ne3 Rh4 60.Ke2 Kg5 61.Rc4 f4 62.Rxa4 f3+ 63.Kxf3 Rxa4 64.Kxg3 Rxa3
65.Kf3 Rb3 66.g3 Rb1 67.Kf2 Kf6 68.Kf3 Ke5 69.Ng4+ Kd4 70.Nf2 Rb3+ 71.Kf4 Rb8
72.g4 Rf8+ 73.Kg3 Ke3 74.Nh3 Rf3+ 75.Kg2  1/2-1/2

[Event "26th Le Touquet Open"]
[Site "Le Touquet FRA"]
[Date "2011.10.26"]
[Round "7.16"]
[White "Sanders,I"]
[Black "Vaillant,S"]
[Result "1-0"]
[WhiteElo "2136"]
[BlackElo "1989"]

1.Nf3 Nf6 2.c4 e6 3.d4 Bb4+ 4.Bd2 Qe7 5.a3 Bxd2+ 6.Qxd2 d6 7.Nc3 Nbd7 8.e3 d5
9.cxd5 exd5 10.Bd3 c6 11.b4 a6 12.Qc2 h6 13.Rb1 O-O 14.O-O Re8 15.Nd2 Nf8
16.a4 Ne6 17.Rfe1 Bd7 18.b5 axb5 19.axb5 Rec8 20.bxc6 Bxc6 21.Nf3 Nd7 22.Ne2 Qf6
23.Ng3 g6 24.h4 h5 25.Qd2 Kg7 26.Ne2 Rab8 27.Nf4 Ra8 28.Nxe6+ Qxe6 29.Ng5 Qg4
30.g3 f6 31.Be2 Qf5 32.Bd3 Qg4 33.Be2 Qf5 34.g4 Qxb1 35.Rxb1 fxg5 36.hxg5  1-0

[Event "19th Skopje Open"]
[Site "Skopje MKD"]
[Date "2011.10.26"]
[Round "3"]
[White "Andonovski,L"]
[Black "Markus,Rob"]
[Result "0-1"]
[WhiteElo "2303"]
[BlackElo "2635"]

1.d4 Nf6 2.c4 e6 3.Nf3 Bb4+ 4.Bd2 a5 5.g3 d6 6.Bg2 Nbd7 7.O-O e5 8.Nc3 O-O
9.Qc2 Re8 10.a3 Bxc3 11.Bxc3 e4 12.Ng5 Qe7 13.Rae1 h6 14.Nh3 d5 15.cxd5 Nxd5
16.Nf4 Nxf4 17.gxf4 Nf6 18.d5 Nxd5 19.Be5 Bf5 20.e3 Qe6 21.Kh1 f6 22.Bd4 Rad8
23.Rd1 Rd7 24.b3 Bh3 25.Rg1 Bxg2+ 26.Rxg2 Ne7 27.Rdg1 Nf5 28.Bc3 Nh4 29.Rg3 Nf3
30.Rxf3 exf3 31.Qg6 Qf7 32.Qg4 Rd3 33.Bxa5 Rxb3 34.Qxf3 Rxa3 35.Bb4 Ra2 36.Bc3 c5
37.f5 b5 38.Rg6 Ra6  0-1

[Event "19th Skopje Open"]
[Site "Skopje MKD"]
[Date "2011.10.28"]
[Round "5"]
[White "Djordjevski,J"]
[Black "Jovancev,Orce"]
[Result "1/2-1/2"]
[WhiteElo "2002"]
[BlackElo "1737"]

1.d4 Nf6 2.c4 e6 3.Nf3 Bb4+ 4.Bd2 Qe7 5.g3 Nc6 6.Bg2 Bxd2+ 7.Nbxd2 O-O 8.O-O d6
9.e4 e5 10.d5 Nb8 11.Ne1 Bg4 12.f3 Bd7 13.Nd3 a5 14.b3 b6 15.a3 Na6 16.b4 axb4
17.axb4 Rfb8 18.b5 Nc5 19.Nb4 Qe8 20.Qc2 Rb7 21.Nb3 Nxb3 22.Qxb3 Rba7 23.Na6 Qd8
24.Ra3 Bc8 25.Rfa1 Bxa6 26.Rxa6 Rxa6 27.bxa6 Ra7 28.Bh3 Nd7 29.Bxd7 Qxd7
30.Qb5 Qc8 31.Ra2 Kf8 32.Kg2 Ke7 33.Qa4 Qd7 34.Qb5 g6 35.g4 Qc8 36.Kg3 g5
37.h4 h6 38.hxg5 hxg5 39.Qc6 Qa8 40.Qb5 Qc8 41.Ra1 Qa8  1/2-1/2